| 000 | 00641nam a2200217 a 4500 | ||
|---|---|---|---|
| 001 | 6126 | ||
| 003 | BD-RjUL | ||
| 005 | 20211208234205.0 | ||
| 008 | 161112s1960 nyu 001 0 eng | ||
| 035 | _a(BD-RjUL)6165 | ||
| 040 |
_aDLC _cODaWU _dBD-RjUL _beng |
||
| 041 | _aeng | ||
| 082 |
_220 _a661 _bKOI 1960 |
||
| 100 | 1 |
_aKobe, Kenneth A. _q(Kenneth Albert), _d1905- _919274 |
|
| 245 | 1 | 0 |
_aInorganic process industries / _cKenneth A. Kobe. |
| 260 |
_aNew York : _bMacmillan Co., _cc1948 [Printing 1957-1960]. |
||
| 300 |
_avii, 371 p. : _bill. ; _c24 cm. |
||
| 500 | _aIncludes Index | ||
| 650 | 0 |
_aChemical industry. _919275 |
|
| 942 |
_2ddc _cBK |
||
| 999 |
_c6126 _d6126 |
||